Ioan. Bodini Andegavensis De Repvblica Libri Sex Latine Ab Avctore Redditi, multo quam antea locupletiores. Cvm Indice Copiosissimo. Editio Tertia, prioribus multo emendatior

Bibliographic Details
Main Author: Bodin, Jean 1530-1596 (Translator)
Corporate Authors: Wechel, Johann - vidua; sumpt. Fischer, Peter Frankfurt am Main (tlt), piaristi Nitra (pss)
Other Authors: Wechel, Johann - vidua (tlt), Fischer, Peter, zomrel 1595 (tlt), Du Vall, Jacques (auv), Balog, Ladislav 1781 (pss), Boronkai, Imrich (pss)
Format: Book
Language:Latin
French
PhysicalDescription:[8], 1221, [80] str. 8° 20x13 cm
Published: Francofvrti Apud Ioan. Wecheli viduam, sumtib. Petri Fischeri M.D.XCIIII. [=1594]
Subjects:

MARC

LEADER 00000cam a2200000 a 4500
001 vtls008863981
003 SK-MaSNL
005 20260331204906.0
008 251124s1594 gw 00000 lat
035 |a cpl000124752 
040 |a SNK  |b slo  |c SNK  |e AACR2 
041 1 |a lat  |h fre 
044 |a gw  |c DE 
100 1 |a Bodin, Jean  |d 1530-1596  |4 prk  |9 126756 
245 1 |a Ioan. Bodini Andegavensis De Repvblica Libri Sex  |b Latine Ab Avctore Redditi, multo quam antea locupletiores. Cvm Indice Copiosissimo. Editio Tertia, prioribus multo emendatior 
260 |a Francofvrti  |b Apud Ioan. Wecheli viduam, sumtib. Petri Fischeri  |c M.D.XCIIII. [=1594] 
300 |a [8], 1221, [80] str.  |c 8°  |c 20x13 cm 
500 |a Pref.: Du Vall, Jacques 
500 |a Signet, linky, iniciálky s ornamentálnym pozadím vo voľnom priestore na 4, 6, r., titulný list červeno-čierny, marginálie, kustódy 
510 0 |a VD 16 B/6280 
561 |a Proveniencia: Bibliothecae Nitriensis Scholarum Piarum. - Ao 1781 4. Aug. Posonij ab Illmo D.C. Ladislao Balog dono accepi Emericus Boronkay Dmor Primatialium Prefectus 
563 |a Väzba: renesančná, svetlá koža s ornamentálnou slepotlačou a erbom 
655 7 |a staré tlače  |2 SNKPH  |9 69193 
700 1 |a Wechel, Johann - vidua  |4 tlt  |9 401899 
700 1 |a Fischer, Peter,  |d zomrel 1595  |4 tlt  |9 11792 
700 1 |a Du Vall, Jacques  |4 auv  |9 401900 
700 1 |a Balog, Ladislav  |d 1781  |4 pss  |9 401901 
700 1 |a Boronkai, Imrich  |4 pss  |9 401902 
710 0 |a Wechel, Johann - vidua; sumpt. Fischer, Peter Frankfurt am Main  |4 tlt  |9 401903 
710 0 |a piaristi Nitra  |4 pss  |9 305232 
852 |a KIS3GST  |b 004010000  |h PINC 123/XVI 
958 |a ONDV 
999 |c 653045  |d 654975 
952 |a SNK  |b SNK  |y PREZ  |7 0  |p 17A1076306  |o snkID 24764 D1  |i snkF 1152/66  |8 5  |3 rekatalogizácia  |0 0  |1 0  |4 0  |d 2014-10-07  |l 0  |r 2026-02-23 18:27:39  |w 2026-02-23